| 000 | 00892nam a2200205 i 4500 | ||
|---|---|---|---|
| 001 | 162758 | ||
| 003 | ES-MaACL | ||
| 005 | 20230906212610.0 | ||
| 008 | 020709s1882 sp |||| |dspa d | ||
| 100 | 1 |
_aPulido, Ángel, _d1852-1932 _9149324 |
|
| 245 | 1 | 0 |
_aDe Carabanchel al Paraíso _b: (recuerdos de un manicomio) / _cÁngel Pulido y Manuel Tolosa. |
| 260 |
_aMadrid : _b[s.n.], _c1882 ( _fImp. de Enrique Teodoro) |
||
| 300 |
_a77 p. ; _c19 cm. |
||
| 530 | _aDisponible en formato digital. | ||
| 650 | 0 | 4 |
_aHospitales psiquiátricos. _913485 |
| 700 | 1 |
_aTolosa Latour, Manuel, _d1857-1919 _9110485 |
|
| 852 |
_aES-MaACL _jT-683-F-1 _z- Enc. hol., conservando la enc. original _z- Enc. en un vol. facticio |
||
| 856 |
_uhttp://bibliotecavirtual.ranm.es/ranm/i18n/consulta/registro.cmd?id=499 _zBiblioteca Virtual de la Real Academia Nacional de Medicina |
||
| 999 |
_c162758 _d162758 |
||